[Event "SVK-chT4 A21 2223"]
[Site "Slovakia"]
[Date "2023.03.12"]
[Round "10.2"]
[White "Podjavorinsky, Michal"]
[Black "Sadlon, Juraj"]
[Result "1-0"]
[WhiteElo "1915"]
[BlackElo "1863"]
[PlyCount "63"]
[EventDate "2022.10.09"]
[EventType "team-tourn"]
[EventRounds "11"]
[EventCountry "SVK"]
[SourceTitle "EXT 2024"]
[Source "ChessBase"]
[SourceDate "2023.10.10"]
[SourceVersion "1"]
[SourceVersionDate "2023.10.10"]
[SourceQuality "1"]
[WhiteTeam "Vrbove"]
[BlackTeam "Brezova pod Bradlom"]
[WhiteTeamCountry "SVK"]
[BlackTeamCountry "SVK"]

1. e4 e5 2. Nf3 Nc6 3. d4 exd4 4. Bc4 Be7 5. c3 d3 6. Qb3 Na5 7. Bxf7+ Kf8 8. Qd5 c6 9. Qf5 Nf6 10. e5 Kxf7 11. exf6 Bxf6 12. Qxd3 Re8+ 13. Be3 Kg8 14. b4 d5 15. bxa5 Qxa5 16. 0-0 b6 17. Re1 c5 18. Ng5 Bxg5 19. Qxd5+ Be6 20. Qxg5 Rad8 21. Nd2 Qa4 22. Qg3 Qc2 23. Bh6 Rd7 24. Ne4 Rf8 25. Bg5 Bf5 26. f3 h6 27. Rac1 Qxa2 28. Nf6+ Rxf6 29. Bxf6 Kh7 30. Re7 Rxe7 31. Bxe7 Qd2 32. Qe1 1-0

[Event "SVK-chT3A2 2223"]
[Site "Slovakia"]
[Date "2022.10.16"]
[Round "1.3"]
[White "Podjavorinsky, Michal"]
[Black "Puchart, Vladimir"]
[Result "0-1"]
[WhiteElo "1882"]
[BlackElo "2092"]
[PlyCount "66"]
[EventDate "2022.10.16"]
[EventType "team-tourn"]
[EventRounds "9"]
[EventCountry "SVK"]
[SourceTitle "EXT 2024"]
[Source "ChessBase"]
[SourceDate "2023.10.10"]
[SourceVersion "1"]
[SourceVersionDate "2023.10.10"]
[SourceQuality "1"]
[WhiteTeam "Piestany Kupele II"]
[BlackTeam "Cifer II"]
[WhiteTeamCountry "SVK"]
[BlackTeamCountry "SVK"]

1. e4 c5 2. Nc3 Nc6 3. g3 g6 4. Bg2 Bg7 5. d3 e6 6. Be3 Nd4 7. Qd2 Qa5 8. Rc1 h5 9. Nf3 Ne7 10. 0-0 Nec6 11. Ng5 Ne5 12. f4 Ng4 13. e5 d6 14. h3 Nxe3 15. Qxe3 Nf5 16. Qe1 dxe5 17. fxe5 Qc7 18. Nf3 Bd7 19. Kh2 Bc6 20. Qe2 h4 21. gxh4 Bxf3 22. Rxf3 Bxe5+ 23. Kh1 Ng3+ 24. Rxg3 Bxg3 25. Ne4 0-0-0 26. Qf3 Bd6 27. Ng5 Bf4 28. Rf1 Bxg5 29. hxg5 Rd7 30. Qf6 Qd8 31. Qe5 Rh5 32. Qxc5+ Kb8 33. Rf6 Qxf6 0-1

[Event "SVK-chT2A 2122"]
[Site "Slovakia"]
[Date "2022.04.30"]
[Round "10.6"]
[White "Podjavorinsky, Michal"]
[Black "Munk, Lubomir"]
[Result "1-0"]
[WhiteElo "1941"]
[BlackElo "1770"]
[PlyCount "59"]
[EventDate "2021.10.16"]
[EventType "team-tourn"]
[EventRounds "11"]
[EventCountry "SVK"]
[SourceTitle "EXT 2023"]
[Source "ChessBase"]
[SourceDate "2022.10.05"]
[SourceVersion "1"]
[SourceVersionDate "2022.10.05"]
[SourceQuality "1"]
[WhiteTeam "Piestany Kupele"]
[BlackTeam "Bratislava Slovan V"]
[WhiteTeamCountry "SVK"]
[BlackTeamCountry "SVK"]

1. e4 d6 2. Nc3 g6 3. d3 Bg7 4. Be3 Nf6 5. h3 c6 6. Qd2 0-0 7. Bh6 Nbd7 8. h4 b5 9. h5 Ne5 10. Be2 Bg4 11. Bxg7 Kxg7 12. f4 Ned7 13. Bxg4 Nxg4 14. Nf3 Qb6 15. d4 b4 16. Ne2 Ndf6 17. Ng3 e6 18. Rh4 Nh6 19. 0-0-0 c5 20. f5 Qa5 21. hxg6 Nhg4 22. gxh7 Qxa2 23. Qg5+ Kh8 24. Rxg4 Nxg4 25. f6 Qa1+ 26. Kd2 Qxd1+ 27. Kxd1 Nxf6 28. Qxf6+ Kxh7 29. Ng5+ Kg8 30. Nh5 1-0

[Event "SVK-chT3A2 2122"]
[Site "Slovakia"]
[Date "2022.02.13"]
[Round "9.1"]
[White "Kovacocy, Pavol"]
[Black "Podjavorinsky, Michal"]
[Result "1-0"]
[WhiteElo "2272"]
[BlackElo "1931"]
[PlyCount "91"]
[EventDate "2021.10.10"]
[EventType "team-tourn"]
[EventRounds "11"]
[EventCountry "SVK"]
[SourceTitle "EXT 2023"]
[Source "ChessBase"]
[SourceDate "2022.10.05"]
[SourceVersion "1"]
[SourceVersionDate "2022.10.05"]
[SourceQuality "1"]
[WhiteTeam "Cifer II"]
[BlackTeam "Vrbove"]
[WhiteTeamCountry "SVK"]
[BlackTeamCountry "SVK"]

1. e4 c5 2. Nf3 e6 3. d3 Nc6 4. g3 g6 5. Bg2 Bg7 6. 0-0 Nge7 7. Re1 Qc7 8. c3 0-0 9. Qe2 d6 10. Nbd2 e5 11. Nc4 f5 12. exf5 Nxf5 13. Ng5 h6 14. Bd5+ Kh8 15. Ne6 Bxe6 16. Bxe6 Rae8 17. Bd5 b5 18. Ne3 Nxe3 19. Bxe3 Ne7 20. Bg2 Nf5 21. Qg4 Nxe3 22. fxe3 Rf6 23. Be4 Qc8 24. Qe2 Ref8 25. Rf1 Qe6 26. c4 b4 27. a3 Rxf1+ 28. Rxf1 Rxf1+ 29. Qxf1 a5 30. Kg2 Kh7 31. h4 h5 32. Qd1 Kh6 33. Qa4 bxa3 34. bxa3 Qg4 35. Bf3 Qf5 36. e4 Qf6 37. Qxa5 g5 38. Qd2 Bf8 39. a4 Be7 40. a5 Bd8 41. a6 Qg7 42. Bd1 Kh7 43. hxg5 Bxg5 44. Qe2 h4 45. Qh5+ Kg8 46. a7 1-0

[Event "Liptovsky Jan Slovak op U2200"]
[Site "Liptovsky Jan"]
[Date "2021.06.20"]
[Round "7"]
[White "Mirowska, Oliwia"]
[Black "Podjavorinsky, Michal"]
[Result "1/2-1/2"]
[WhiteElo "1747"]
[BlackElo "1961"]
[PlyCount "61"]
[EventDate "2021.06.17"]
[EventType "swiss"]
[EventRounds "7"]
[EventCountry "SVK"]
[SourceTitle "CBM 203 Extra"]
[Source "ChessBase"]
[SourceDate "2021.09.30"]
[SourceVersion "1"]
[SourceVersionDate "2021.09.30"]
[SourceQuality "1"]

1. e4 c5 2. g3 e6 3. Bg2 Nc6 4. d3 g6 5. Nc3 Bg7 6. Nge2 Nd4 7. 0-0 d6 8. Be3 Rb8 9. a4 Bd7 10. Qd2 Qa5 11. Nf4 h5 12. h4 Nf6 13. Kh1 Ng4 14. Qd1 Nxe3 15. fxe3 Nc6 16. Nb5 0-0 17. Nxd6 Qc7 18. Nc4 a6 19. a5 Ne5 20. Nxe5 Qxe5 21. c3 Bc6 22. d4 Qc7 23. d5 exd5 24. exd5 Bb5 25. Re1 Rfd8 26. Qc2 b6 27. axb6 Qxb6 28. Rab1 Bc4 29. b4 cxb4 30. cxb4 Rbc8 31. Qd2 1/2-1/2

[Event "Skalica op"]
[Site "Skalica"]
[Date "2020.01.11"]
[Round "5"]
[White "Damborsky, Pavol"]
[Black "Podjavorinsky, Michal"]
[Result "0-1"]
[WhiteElo "1560"]
[BlackElo "1979"]
[PlyCount "116"]
[EventDate "2020.01.11"]
[EventType "swiss"]
[EventRounds "9"]
[EventCountry "SVK"]
[SourceTitle "CBM 194 Extra"]
[Source "ChessBase"]
[SourceDate "2020.03.31"]
[SourceVersion "1"]
[SourceVersionDate "2020.03.31"]
[SourceQuality "1"]

1. e4 c5 2. Nf3 Nc6 3. Bc4 e6 4. c3 Nf6 5. d3 Be7 6. 0-0 0-0 7. a3 d5 8. exd5 exd5 9. Ba2 Bg4 10. h3 Bh5 11. Nbd2 d4 12. cxd4 Nxd4 13. Qa4 Bxf3 14. Nxf3 Nxf3+ 15. gxf3 Qxd3 16. Be3 Qg6+ 17. Kh1 Qh5 18. Qf4 Qxh3+ 19. Qh2 Qxf3+ 20. Qg2 Qh5+ 21. Qh2 Qxh2+ 22. Kxh2 Ng4+ 23. Kh3 Nxe3 24. fxe3 Bf6 25. Rab1 Rfe8 26. Rf3 Rad8 27. Rg1 Kh8 28. Bxf7 Re5 29. b3 Re7 30. Bc4 Rde8 31. Bb5 Rxe3 32. Rxe3 Rxe3+ 33. Rg3 Rxg3+ 34. Kxg3 Bb2 35. a4 Kg8 36. Kg4 Kf8 37. Kf5 Ke7 38. Bc4 g6+ 39. Kg4 Kf6 40. Bg8 h5+ 41. Kf3 g5 42. Bd5 Ke5 43. Bf7 h4 44. Bh5 Kd4 45. Kg4 Bc1 46. Bf7 Kc3 47. Be6 Kb4 48. Bc4 a6 49. Be6 b5 50. axb5 axb5 51. Bd5 c4 52. bxc4 bxc4 53. Be4 Kc3 54. Bb1 Bf4 55. Kh3 Kd2 56. Kg4 c3 57. Kf3 c2 58. Bxc2 Kxc2 0-1

[Event "Skalica op"]
[Site "Skalica"]
[Date "2020.01.11"]
[Round "7"]
[White "Kapusta, Petr"]
[Black "Podjavorinsky, Michal"]
[Result "0-1"]
[WhiteElo "2145"]
[BlackElo "1979"]
[PlyCount "86"]
[EventDate "2020.01.11"]
[EventType "swiss"]
[EventRounds "9"]
[EventCountry "SVK"]
[SourceTitle "CBM 194 Extra"]
[Source "ChessBase"]
[SourceDate "2020.03.31"]
[SourceVersion "1"]
[SourceVersionDate "2020.03.31"]
[SourceQuality "1"]

1. e4 d5 2. exd5 Qxd5 3. Nc3 Qa5 4. d4 c6 5. Bc4 Nf6 6. Bd2 Qb6 7. Bc1 Bg4 8. f3 Bf5 9. Nge2 e6 10. Bb3 Bd6 11. Be3 Qc7 12. Qd2 Nbd7 13. 0-0-0 Nd5 14. Nxd5 exd5 15. Ng3 Bg6 16. Bg5 0-0 17. Ne2 a5 18. c3 a4 19. Bc2 Bxc2 20. Qxc2 b5 21. h4 f6 22. Bd2 Nb6 23. Qf5 Nc4 24. Bf4 Rfe8 25. Bxd6 Qxd6 26. Rde1 b4 27. g4 Qe7 28. Qf4 Qb7 29. b3 axb3 30. axb3 Ra1+ 31. Kc2 Ra2+ 32. Kc1 Raxe2 33. Rxe2 Rxe2 34. bxc4 bxc3 35. Kd1 Rd2+ 36. Qxd2 cxd2 37. Kxd2 Qb2+ 38. Kd3 dxc4+ 39. Kxc4 Qe2+ 40. Kc5 Qxf3 41. Ra1 Qd5+ 42. Kb6 Qxd4+ 43. Kxc6 Qxa1 0-1